[Event "Tournoi Skype 029A"]
[Site "Skype"]
[Date "????.??.??"]
[Round "9.9"]
[White "Bagayatkar, Madan"]
[Black "Garcia Andrinal, Antonio"]
[Result "0-1"]
[WhiteElo "1443"]
[BlackElo "1679"]
[PlyCount "192"]

1. e4 c5 2. Nf3 d6 3. d4 cxd4 4. Nxd4 Nf6 5. Nc3 g6 6. Be2 Bg7 7. O-O O-O 8.
Be3 Nc6 9. a3 Bd7 10. h3 Rc8 11. Rb1 Nxd4 12. Bxd4 Bc6 13. f3 e5 14. Bf2 d5 15.
exd5 Nxd5 16. Nxd5 Bxd5 17. Bd3 a6 18. Re1 Be6 19. Qe2 b5 20. b3 Qc7 21. a4
bxa4 22. bxa4 a5 23. Bb6 Qc3 24. Be3 Bf5 25. Rb3 Qc6 26. Rb5 e4 27. fxe4 Bxe4
28. Rf1 Bxd3 29. cxd3 Qe6 30. Qf3 Qd7 31. Rd1 Bd4 32. Rxa5 Bxe3+ 33. Qxe3 Rfe8
34. Qf3 Qd4+ 35. Qf2 Qxf2+ 36. Kxf2 Rc2+ 37. Kf3 Ree2 38. Ra8+ Kg7 39. Rg1 Red2
40. Rd8 Rf2+ 41. Ke3 Rce2+ 42. Kd4 Rf4+ 43. Kc5 Rxa4 44. g4 Re5+ 45. Kb6 Rb4+
46. Kc6 Reb5 47. d4 Rb6+ 48. Kc5 R6b5+ 49. Kc6 Rb7 50. Kd5 R4b5+ 51. Ke4 Re7+
52. Kf4 g5+ 53. Kf3 Rb3+ 54. Kf2 Rxh3 55. d5 Ree3 56. Rg2 Rd3 57. Rd6 Rhf3+ 58.
Ke2 Rfe3+ 59. Kf2 Re5 60. Rg3 Rd2+ 61. Kf1 Rdxd5 62. Rc6 Rd4 63. Rc7 Rf4+ 64.
Kg2 Ree4 65. Kh3 Rf2 66. Rc5 h6 67. Rc7 Ree2 68. Rd3 Rf4 69. Rb7 Ree4 70. Rg3
Kg6 71. Rb6+ f6 72. Rb8 Re7 73. Rd3 h5 74. gxh5+ Kxh5 75. Rh8+ Kg6 76. Rb8 Ree4
77. Rg8+ Kf5 78. Rb8 Rh4+ 79. Kg3 Reg4+ 80. Kf2 Rh2+ 81. Kf1 Ra4 82. Kg1 Rc2
83. Rb5+ Kg4 84. Rb1 f5 85. Re1 f4 86. Kh1 Kh4 87. Rd8 Raa2 88. Rh8+ Kg4 89.
Rg1+ Kf3 90. Rxg5 Ra1+ 91. Rg1 Rxg1+ 92. Kxg1 Rc1+ 93. Kh2 Kf2 94. Rf8 Rc4 95.
Kh1 f3 96. Kh2 Rh4# 0-1

[Event "Tournoi Skype 029A"]
[Site "Skype"]
[Date "????.??.??"]
[Round "9.10"]
[White "Ortiz, Vladimir"]
[Black "Calderon, Francisco"]
[Result "1/2-1/2"]
[WhiteElo "1443"]
[BlackElo "1604"]
[PlyCount "97"]

1. e4 e6 2. d4 c6 3. c3 d5 4. exd5 exd5 5. Nf3 Bd6 6. h3 Nf6 7. Bd3 O-O 8. O-O
Re8 9. Re1 Be6 10. Bg5 Nbd7 11. Nbd2 Qc7 12. Bxf6 Nxf6 13. Qc2 g6 14. a3 Nh5
15. Ng5 Nf4 16. Nxe6 Nxe6 17. Nf3 Bf4 18. h4 Re7 19. Re2 Rae8 20. Rae1 Kg7 21.
Kf1 b5 22. Qd1 a5 23. g3 Bd6 24. Ne5 Nf8 25. Nf3 Nd7 26. Rxe7 Rxe7 27. Rxe7
Bxe7 28. Qe2 Nf6 29. Ne5 Bd6 30. Ng4 Ng8 31. b4 a4 32. Kg2 h5 33. Ne3 Qe7 34.
Kf1 Nf6 35. Qe1 Ne4 36. Bxe4 Qxe4 37. Nd1 Qf3 38. Kg1 f5 39. Ne3 Qe4 40. Kf1
Kf7 41. Nd1 Qf3 42. Kg1 f4 43. Kh2 fxg3+ 44. fxg3 Qg4 45. Qf2+ Ke7 46. Qe3+ Kd7
47. Nf2 Qxh4+ 48. Kg2 Qf6 49. Nh3 1/2-1/2

[Event "Tournoi Skype 029A"]
[Site "Skype"]
[Date "????.??.??"]
[Round "9.11"]
[White "Cayllahua, Braulio Idme"]
[Black "Yeter, Orhan"]
[Result "1-0"]
[WhiteElo "1569"]
[BlackElo "1245"]
[PlyCount "89"]

1. e4 e5 2. Nf3 Nc6 3. Bb5 Nf6 4. O-O Bc5 5. Bxc6 dxc6 6. Nxe5 Nxe4 7. Qe2 Qd5
8. Nd3 O-O 9. Nxc5 Nxc5 10. Nc3 Qd6 11. d3 Ne6 12. Be3 Nd4 13. Bxd4 Qxd4 14.
Rae1 Be6 15. Qe3 Qb4 16. Qc1 Rfe8 17. a3 Qg4 18. Re3 Qg6 19. Rfe1 Rad8 20. Ne4
Rd5 21. Rg3 Bg4 22. h3 f5 23. Nc3 Rxe1+ 24. Qxe1 Rc5 25. hxg4 fxg4 26. Re3 Kf8
27. Re5 Rxe5 28. Qxe5 Qf7 29. Ne2 h5 30. Qf4 Qxf4 31. Nxf4 h4 32. Ng6+ Kf7 33.
Nxh4 Kf6 34. g3 g5 35. Ng2 Ke5 36. Kf1 c5 37. Ne3 b5 38. Ke2 a5 39. Nxg4+ Kf5
40. Ne3+ Ke5 41. c3 b4 42. c4 bxa3 43. bxa3 Kd4 44. Kd2 a4 45. Nd1 1-0

[Event "Tournoi Skype 029A"]
[Site "Skype"]
[Date "????.??.??"]
[Round "9.13"]
[White "Sequeda Pimiento, Javier Ricardo"]
[Black "Karia, Vijay"]
[Result "1-0"]
[WhiteElo "1419"]
[BlackElo "1482"]
[PlyCount "57"]

1. e4 e5 2. Nf3 Nc6 3. d4 exd4 4. Nxd4 Nge7 5. Bb5 Nxd4 6. Qxd4 a6 7. Bc4 Nc6
8. Qd5 Qe7 9. Bg5 f6 10. Bh4 Nb4 11. Qh5+ g6 12. Qe2 d6 13. O-O Be6 14. a3 Nc6
15. Nc3 O-O-O 16. Nd5 Bxd5 17. Bxd5 Ne5 18. f4 Nd7 19. Qg4 Kb8 20. Rae1 Bh6 21.
f5 Ne5 22. Qe2 g5 23. Bg3 Bg7 24. Qe3 h5 25. Bf2 b6 26. Qb3 Nd7 27. Qa4 Ka7 28.
Qc6 Rb8 29. Qxc7+ 1-0

[Event "Tournoi Skype 029A"]
[Site "Skype"]
[Date "????.??.??"]
[Round "9.14"]
[White "Alarcon Alarcon, Florentina"]
[Black "Alvarez, Juan Evangelista"]
[Result "0-1"]
[WhiteElo "1362"]
[BlackElo "1575"]
[PlyCount "135"]

1. e4 Nf6 2. Nc3 d6 3. d4 Bd7 4. Nf3 g6 5. h3 Bg7 6. Be3 c6 7. Qd2 O-O 8. Bh6
b5 9. Bxg7 Kxg7 10. Bd3 Qa5 11. O-O b4 12. Ne2 c5 13. dxc5 Qxc5 14. Ng3 Bc6 15.
Rfe1 Nbd7 16. Rac1 Ne5 17. Qe2 Nxf3+ 18. Qxf3 Rab8 19. Qe3 Qa5 20. Ra1 h5 21.
e5 Nd5 22. Qd4 dxe5 23. Qxe5+ f6 24. Qd4 e5 25. Qe4 Ne7 26. Nxh5+ Kh6 27. Qe3+
g5 28. Ng3 Qc7 29. Qe2 Be8 30. Qe3 Bg6 31. h4 Bxd3 32. cxd3 Rbd8 33. hxg5+ fxg5
34. Ne4 Rf5 35. Qh3+ Kg7 36. Qe3 Nd5 37. Qd2 Nf4 38. Qc1 Qb7 39. Re3 g4 40. Qd1
Qf7 41. Qxg4+ Qg6 42. Qxg6+ Kxg6 43. Rd1 Rh8 44. Rg3+ Kh7 45. d4 Ne2+ 46. Kh2
Nxg3 47. Nxg3 Rxf2 48. dxe5 Kg8+ 49. Kg1 Rxb2 50. e6 Kg7 51. Rd7+ Kf6 52. e7
Re8 53. Ne4+ Ke5 54. Nd6 Rxe7 55. Rxe7+ Kxd6 56. Rxa7 Ke5 57. Kh2 Kf4 58. Kh3
Kg5 59. Kg3 Rc2 60. Ra5+ Kf6 61. Kh4 Rxg2 62. Kh3 Rc2 63. Kg3 Ke6 64. Kf3 Kd6
65. Ke3 Kc6 66. Kd3 Rc3+ 67. Kd2 Kb6 68. Ra8 0-1

[Event "Tournoi Skype 029A"]
[Site "Skype"]
[Date "????.??.??"]
[Round "9.15"]
[White "Gadow, Martin"]
[Black "Lovell, Stan"]
[Result "1-0"]
[WhiteElo "1412"]
[BlackElo "1575"]
[PlyCount "49"]

1. d4 Nf6 2. Nf3 g6 3. Nbd2 d5 4. e3 Bf5 5. c4 c6 6. cxd5 cxd5 7. Bb5+ Nbd7 8.
Ne5 a6 9. Nxd7 Nxd7 10. Be2 Bg7 11. O-O O-O 12. Bf3 Nf6 13. Re1 Rc8 14. e4 dxe4
15. Nxe4 Nxe4 16. Bxe4 Bxe4 17. Rxe4 Rc7 18. Bg5 Rd7 19. Qe2 Re8 20. Re1 h6 21.
Bxe7 Rexe7 22. Rxe7 Rxe7 23. Qxe7 Qxe7 24. Rxe7 Bxd4 25. Rxb7 1-0

[Event "Tournoi Skype 029A"]
[Site "Skype"]
[Date "????.??.??"]
[Round "9.16"]
[White "Sanchez Ruiz, Justo"]
[Black "Marino, Giuseppe"]
[Result "1-0"]
[WhiteElo "1526"]
[BlackElo "1339"]
[PlyCount "71"]

1. e4 d5 2. exd5 Qxd5 3. d4 Nf6 4. Nf3 c6 5. Be2 e6 6. O-O Be7 7. c4 Qd8 8. Nc3
O-O 9. h3 c5 10. d5 exd5 11. cxd5 a6 12. a4 b6 13. Bc4 Bb7 14. Re1 Bd6 15. Bg5
Nbd7 16. Qb3 Qc7 17. Rad1 h6 18. Bc1 Ne5 19. Nxe5 Bxe5 20. Ne4 Nxe4 21. Rxe4
Bd6 22. Rde1 Rad8 23. Rg4 Rde8 24. Rge4 Rxe4 25. Rxe4 Qb8 26. Qe3 f5 27. Re6
Bf4 28. Qxf4 Qxf4 29. Bxf4 Kf7 30. Rxb6 Bc8 31. d6+ Ke8 32. Bxa6 Kd7 33. Bb5+
Kd8 34. Rb8 g5 35. Bd2 f4 36. Ba5# 1-0

[Event "Tournoi Skype 029A"]
[Site "Skype"]
[Date "????.??.??"]
[Round "9.17"]
[White "Legueltel, Daniel"]
[Black "Chavero, Victor"]
[Result "0-1"]
[WhiteElo "1753"]
[BlackElo "1283"]
[PlyCount "42"]

1. d4 Nf6 2. Bf4 d5 3. e3 e6 4. Nf3 Bd6 5. Bg3 O-O 6. Bd3 c5 7. dxc5 Bxc5 8.
O-O Nc6 9. Nbd2 Bd7 10. Bh4 h6 11. Rc1 Nb4 12. Nb3 Rc8 13. Nxc5 Rxc5 14. c3
Nxd3 15. Qxd3 Bb5 16. c4 Bxc4 17. Qd4 b6 18. Rfd1 Be2 19. Rxc5 bxc5 20. Bxf6
cxd4 21. Rxd4 Qxf6 0-1

[Event "Tournoi Skype 029A"]
[Site "Skype"]
[Date "????.??.??"]
[Round "9.19"]
[White "Perrone, Gabriel Lorenzo"]
[Black "Silvestre Da Silva, Sidnei"]
[Result "1-0"]
[WhiteElo "1377"]
[BlackElo "1566"]
[PlyCount "115"]

1. d4 d5 2. c4 e6 3. Nc3 c6 4. Nf3 Bb4 5. cxd5 exd5 6. Bg5 Nf6 7. e3 Qa5 8.
Bxf6 Bxc3+ 9. bxc3 Qxc3+ 10. Nd2 gxf6 11. Be2 Bf5 12. O-O Nd7 13. Nf3 Qc2 14.
Nh4 Qxd1 15. Rfxd1 Bg6 16. Rd2 Ke7 17. a4 f5 18. Bd3 Kf6 19. Rc1 Rac8 20. a5 b6
21. axb6 axb6 22. Rdc2 c5 23. Bb5 Ke6 24. Bxd7+ Kxd7 25. dxc5 bxc5 26. Rxc5
Rxc5 27. Rxc5 Kd6 28. Rc3 Rb8 29. g3 Ke5 30. Rc7 h5 31. Nf3+ Kd6 32. Rc3 Rb4
33. Nd4 Rc4 34. Rc2 Rxc2 35. Nxc2 f6 36. Nd4 Be8 37. Kg2 Bd7 38. Kf3 Ke5 39.
Ne2 Bc6 40. Nd4 Bd7 41. h3 Be8 42. Ke2 Bd7 43. Kd3 Kd6 44. Nf3 Kc5 45. Kc3 f4
46. h4 fxg3 47. fxg3 Bf5 48. Nd4 Be4 49. Ne2 f5 50. Nf4 Bf3 51. Nd3+ Kb5 52.
Kd4 Be4 53. Nf4 Bf3 54. Nxd5 Bg4 55. Nf6 Bf3 56. Ke5 Bg4 57. Nxg4 fxg4 58. Kf5
1-0

[Event "Tournoi Skype 029A"]
[Site "Skype"]
[Date "????.??.??"]
[Round "9.20"]
[White "Castillo, Jesus"]
[Black "Frances, Carlos Alberto"]
[Result "1-0"]
[WhiteElo "1557"]
[BlackElo "1324"]
[PlyCount "47"]

1. g3 Nf6 2. Bg2 d5 3. Nc3 e6 4. d4 c5 5. e3 Nc6 6. Nf3 Be7 7. a3 O-O 8. h4 Re8
9. h5 Bf8 10. h6 g6 11. Qe2 b6 12. Ne5 Bb7 13. Ng4 cxd4 14. Nxf6+ Qxf6 15. exd4
Nxd4 16. Qd3 Nc6 17. Bf4 Rac8 18. O-O-O Ne5 19. Qd4 Nd7 20. Qa4 Qe7 21. Rhe1
Nc5 22. Qd4 Qd7 23. Qf6 a6 24. Be5 1-0

[Event "Tournoi Skype 029A"]
[Site "Skype"]
[Date "????.??.??"]
[Round "9.21"]
[White "Hurtado De Mendoza, Ramon Miguel"]
[Black "Khunte, Aniruddha"]
[Result "1/2-1/2"]
[WhiteElo "1487"]
[BlackElo "1174"]
[PlyCount "93"]

1. d4 Nf6 2. c4 g6 3. Nc3 Bg7 4. e4 d6 5. Bg5 O-O 6. Qd2 Nc6 7. h3 e5 8. Nf3
exd4 9. Nxd4 Nxd4 10. Qxd4 Re8 11. O-O-O Be6 12. Qd2 Qd7 13. f3 a6 14. Kb1 b5
15. Nd5 Bxd5 16. exd5 bxc4 17. Bxc4 a5 18. a4 Qxa4 19. Qd3 Qb4 20. Bd2 Qb7 21.
Bc3 a4 22. Bb5 Nxd5 23. Bxg7 c6 24. Bc4 Kxg7 25. Bxd5 cxd5 26. Qxd5 Qxd5 27.
Rxd5 Re2 28. g4 a3 29. Rb5 axb2 30. Rxb2 Rae8 31. Rh2 Re1+ 32. Kc2 R1e2+ 33.
Kd1 Re1+ 34. Kd2 Rf1 35. Rb3 d5 36. Re2 Rxe2+ 37. Kxe2 Ra1 38. f4 Ra8 39. Ke3
Rd8 40. Kd4 h5 41. g5 f6 42. Rb7+ Kf8 43. h4 fxg5 44. fxg5 Kg8 45. Rb5 Kf7 46.
Rxd5 Rxd5+ 47. Kxd5 1/2-1/2

[Event "Tournoi Skype 029A"]
[Site "Skype"]
[Date "????.??.??"]
[Round "9.22"]
[White "Couto, Januario"]
[Black "Navghane, Rahul"]
[Result "1-0"]
[WhiteElo "1387"]
[BlackElo "1026"]
[PlyCount "51"]

1. e4 b6 2. d4 Bb7 3. d5 Nf6 4. Bd3 d6 5. c4 Nbd7 6. Nf3 Nc5 7. Nc3 e6 8. Bc2
exd5 9. cxd5 Be7 10. b4 Ncd7 11. O-O O-O 12. Bf4 Re8 13. Qd3 Nh5 14. e5 g6 15.
e6 Nxf4 16. exf7+ Kxf7 17. Qd4 Bg5 18. Nxg5+ Qxg5 19. g3 Ne2+ 20. Nxe2 Rxe2 21.
h4 Qxd5 22. Qf4+ Nf6 23. Bb3 Kg7 24. Bxd5 Bxd5 25. Rfe1 Nh5 26. Qd4+ 1-0

[Event "Tournoi Skype 029A"]
[Site "Skype"]
[Date "????.??.??"]
[Round "9.24"]
[White "Mitrani, Alberto"]
[Black "Pouteau, Pascal"]
[Result "1-0"]
[WhiteElo "1482"]
[BlackElo "1345"]
[PlyCount "73"]

1. Nf3 d5 2. d4 Nf6 3. e3 Bg4 4. Nbd2 e6 5. Bd3 Bd6 6. h3 Bh5 7. b3 Nbd7 8. Bb2
Qe7 9. c4 Bb4 10. g4 Bg6 11. Qc2 Bxd3 12. Qxd3 Ne4 13. O-O Nxd2 14. Nxd2 h5 15.
Nf3 hxg4 16. hxg4 Qf6 17. Kg2 O-O-O 18. c5 c6 19. a3 Bxc5 20. g5 Qe7 21. dxc5
Nxc5 22. Qc2 Ne4 23. Bxg7 Rhg8 24. Bh6 f6 25. Rh1 fxg5 26. Ne5 Kc7 27. f3 Nf6
28. a4 g4 29. Bf4 gxf3+ 30. Kxf3 Rd6 31. Ng6 Qd7 32. Rh6 e5 33. Nxe5 Qg7 34.
Rg6 Qh7 35. Qf5 Rxg6 36. Nxg6 Qd7 37. Qxf6 1-0

[Event "Tournoi Skype 029A"]
[Site "Skype"]
[Date "????.??.??"]
[Round "9.26"]
[White "Engstrom, Olle"]
[Black "L'Herbon De Lussats, Jean"]
[Result "1-0"]
[WhiteElo "1448"]
[BlackElo "1259"]
[PlyCount "111"]

1. e4 c5 2. Nf3 d6 3. d4 cxd4 4. Nxd4 Nf6 5. Nc3 a6 6. Be3 e5 7. Nb3 b5 8. Nd5
Nbd7 9. a4 Bb7 10. axb5 axb5 11. Nxf6+ gxf6 12. f3 Rxa1 13. Qxa1 d5 14. Bd3 d4
15. Bd2 b4 16. O-O Bd6 17. Qa5 Qb6 18. Qxb6 Nxb6 19. Bb5+ Ke7 20. Ra1 Rg8 21.
Ra7 Rb8 22. Na5 Nd7 23. Bxd7 Kxd7 24. Rxb7+ Rxb7 25. Nxb7 Be7 26. Na5 Ke6 27.
Nc4 f5 28. exf5+ Kxf5 29. Kf2 Bc5 30. Ke2 Ke6 31. Kd3 f5 32. Bg5 Kd5 33. b3 e4+
34. fxe4+ fxe4+ 35. Ke2 e3 36. Bd8 Ke4 37. Bb6 Be7 38. Nb2 h5 39. Nd3 h4 40.
Ba5 Bd6 41. h3 Bg3 42. Bxb4 Be5 43. Nxe5 Kxe5 44. Kd3 Kd5 45. c4+ dxc3 46. Bxc3
e2 47. Kxe2 Ke4 48. b4 Kf4 49. b5 Kg3 50. b6 Kxg2 51. b7 Kxh3 52. Kf3 Kh2 53.
b8=Q+ Kg1 54. Bd4+ Kh1 55. Qg8 h3 56. Qg1# 1-0

[Event "Tournoi Skype 029A"]
[Site "Skype"]
[Date "????.??.??"]
[Round "9.27"]
[White "Aceituno, Stebe"]
[Black "Yardimci, Ertan"]
[Result "1-0"]
[WhiteElo "1400"]
[BlackElo "1208"]
[PlyCount "53"]

1. e4 e5 2. Nf3 Nc6 3. Bc4 Bc5 4. O-O Nf6 5. d3 O-O 6. c3 a6 7. Bb3 d6 8. h3 h6
9. Nbd2 Ba7 10. Re1 b5 11. Nf1 Bb7 12. Ng3 Na5 13. Bc2 Re8 14. Nh4 d5 15. Nhf5
Kh7 16. exd5 Bxd5 17. d4 exd4 18. Nxd4+ Kg8 19. Rxe8+ Qxe8 20. Bf4 Bb6 21. Qc1
h5 22. Ngf5 Be4 23. Nxg7 Kxg7 24. Bh6+ Kh7 25. Qg5 Bg6 26. Qxf6 Kxh6 27. Nf5+
1-0

[Event "Tournoi Skype 029A"]
[Site "Skype"]
[Date "????.??.??"]
[Round "9.28"]
[White "Casey, Eamonn"]
[Black "Galani, Mahendra"]
[Result "1/2-1/2"]
[WhiteElo "1538"]
[BlackElo "1466"]
[PlyCount "32"]

1. d4 d5 2. c4 c6 3. Nc3 Nf6 4. Bf4 Nbd7 5. Nf3 e6 6. e3 Ne4 7. cxd5 Bb4 8. Qc2
exd5 9. Bd3 Ndf6 10. O-O Bxc3 11. bxc3 h6 12. h3 O-O 13. Rac1 Be6 14. Ne5 Rc8
15. Rfd1 Qe7 16. Qe2 Qa3 1/2-1/2

[Event "Tournoi Skype 029A"]
[Site "Skype"]
[Date "????.??.??"]
[Round "9.29"]
[White "Junqueira, Leonardo De Faria"]
[Black "Vasquez Cienfuegos, Oscar"]
[Result "1-0"]
[WhiteElo "1408"]
[BlackElo "1470"]
[PlyCount "101"]

1. e4 c6 2. d4 d5 3. e5 Bf5 4. h4 h6 5. g4 Bd7 6. Bd3 Qc7 7. Nd2 c5 8. dxc5
Qxe5+ 9. Qe2 Qc7 10. Nb3 e6 11. Be3 Nc6 12. Nf3 Nf6 13. Nfd4 Nxd4 14. Bxd4 Be7
15. O-O-O Qf4+ 16. Kb1 Qxg4 17. f3 Qf4 18. Bb5 Qc7 19. Bxf6 Bxf6 20. Rxd5 Bxb5
21. Qxb5+ Qc6 22. Qxc6+ bxc6 23. Rd6 Rc8 24. Rhd1 O-O 25. h5 Rc7 26. Rd7 Rfc8
27. Rxc7 Rxc7 28. Na5 Kf8 29. Nc4 Ke8 30. Nd6+ Ke7 31. Ne4 Be5 32. a4 Rb7 33.
b3 f5 34. Nf2 Rd7 35. Rxd7+ Kxd7 36. Kc1 Bd4 37. Nd3 e5 38. Kd2 e4 39. fxe4
fxe4 40. c3 Bxc3+ 41. Kxc3 exd3 42. Kxd3 Ke6 43. Ke4 Kf6 44. Kf4 Ke6 45. Ke4 a5
46. b4 axb4 47. a5 b3 48. Kd3 Kd5 49. a6 b2 50. Kc2 Kxc5 51. a7 1-0

[Event "Tournoi Skype 029A"]
[Site "Skype"]
[Date "????.??.??"]
[Round "9.30"]
[White "Le Brun, Yves"]
[Black "Carballo, Jorge"]
[Result "1-0"]
[WhiteElo "1335"]
[BlackElo "1367"]
[PlyCount "43"]

1. d4 d5 2. Bf4 Nf6 3. e3 e6 4. Nd2 Be7 5. Bd3 O-O 6. h4 Nbd7 7. Ngf3 c5 8. c3
c4 9. Bc2 h6 10. Ne5 Re8 11. g4 Nxe5 12. dxe5 Nh7 13. Nf3 g5 14. Bxh7+ Kxh7 15.
hxg5 Bf8 16. gxh6 f5 17. g5 Be7 18. g6+ Kh8 19. h7 Kg7 20. Ke2 Rh8 21. Bh6+
Kxg6 22. Qg1+ 1-0

[Event "Tournoi Skype 029A"]
[Site "Skype"]
[Date "????.??.??"]
[Round "9.31"]
[White "Bendre, Pankaj"]
[Black "Hague, Mark"]
[Result "1-0"]
[WhiteElo "1182"]
[BlackElo "1525"]
[PlyCount "103"]

1. e4 c5 2. Nf3 e6 3. d4 cxd4 4. Nxd4 Nc6 5. Be3 Nf6 6. Nc3 d5 7. Nxc6 bxc6 8.
e5 Nd7 9. f4 Be7 10. Qd2 O-O 11. Be2 f6 12. Bd4 fxe5 13. fxe5 Rf7 14. Bg4 Nf8
15. Bf2 Ng6 16. Qe2 Bh4 17. g3 Be7 18. Bh5 a5 19. Na4 Ba6 20. Qe3 Qf8 21. Nc5
Bxc5 22. Qxc5 Qxc5 23. Bxc5 Rf5 24. Bxg6 Rxe5+ 25. Kd2 Re2+ 26. Kd1 hxg6 27. h4
Rb8 28. Rb1 Rg2 29. Rg1 Rxg1+ 30. Bxg1 Rf8 31. Kd2 Rf3 32. Re1 Kf7 33. Re3 Rf1
34. Re1 Kf6 35. Bd4+ Kf5 36. Re5+ Kg4 37. Rg5+ Kf3 38. Rxg6 Ra1 39. a3 Be2 40.
Rxe6 Rd1+ 41. Kc3 Bc4 42. Rxc6 Kxg3 43. Rg6+ Kxh4 44. Rxg7 Rf1 45. Kd2 a4 46.
Rb7 Rb1 47. Rb4 Kg4 48. Rxa4 Kf4 49. Rb4 Ke4 50. Bc5 Rh1 51. b3 Rh2+ 52. Kc1
1-0

[Event "Tournoi Skype 029A"]
[Site "Skype"]
[Date "????.??.??"]
[Round "9.32"]
[White "Vilas Boas, Crisolon Terto"]
[Black "Sauvaget, Joel"]
[Result "1-0"]
[WhiteElo "1488"]
[BlackElo "1290"]
[PlyCount "101"]

1. e4 c5 2. Nf3 Nf6 3. e5 Ng8 4. d4 cxd4 5. Nxd4 a6 6. Nc3 d6 7. exd6 exd6 8.
Bd3 Nf6 9. O-O Be7 10. Bf5 O-O 11. Re1 Nc6 12. Nxc6 bxc6 13. Bxc8 Rxc8 14. Bg5
d5 15. Qe2 Re8 16. Qxa6 Qd7 17. Bxf6 Bxf6 18. Rxe8+ Rxe8 19. Qd3 Qe6 20. Rf1
Bxc3 21. Qxc3 h6 22. a4 Ra8 23. a5 Qd7 24. b4 Qd6 25. Qd4 Qc7 26. c4 dxc4 27.
Qxc4 Qb7 28. Ra1 Ra6 29. Kf1 Kf8 30. Qc5+ Kg8 31. Re1 Qa8 32. h4 Kh7 33. Re7
Qf8 34. h5 Kg8 35. Re5 Qd8 36. g3 Qd7 37. Qc4 Ra8 38. Rc5 Re8 39. Rxc6 Qd1+ 40.
Kg2 Re1 41. Rc8+ Kh7 42. Qc2+ Qxc2 43. Rxc2 Rb1 44. Rc4 Ra1 45. Rc5 Ra4 46. Rb5
f6 47. g4 g6 48. hxg6+ Kxg6 49. Kg3 Kf7 50. Kf4 Ke7 51. Ke4 1-0

[Event "Tournoi Skype 029A"]
[Site "Skype"]
[Date "????.??.??"]
[Round "9.33"]
[White "Pasasin, Alejandro"]
[Black "Grib, Johannes"]
[Result "0-1"]
[WhiteElo "1347"]
[BlackElo "1259"]
[PlyCount "64"]

1. e4 e5 2. Nf3 Nf6 3. d3 h6 4. g3 Nc6 5. Bg2 Bc5 6. O-O d6 7. Nbd2 a6 8. c3 b5
9. b4 Ba7 10. a4 O-O 11. axb5 axb5 12. Bb2 Ng4 13. h3 Nf6 14. Re1 Nh5 15. Kf1
g5 16. Nb3 f5 17. Nfd2 g4 18. hxg4 fxg4 19. d4 Nxg3+ 20. Kg1 Rxf2 21. Kxf2 Qh4
22. Kg1 Ne7 23. Nf1 Ng6 24. Bc1 Be6 25. Nxg3 Qxg3 26. Bxh6 Nf4 27. Bxf4 exf4
28. Nd2 Qxc3 29. Qe2 Bxd4+ 30. Kh1 Rxa1 31. Rxa1 Qxa1+ 32. Kh2 g3# 0-1

[Event "Tournoi Skype 029A"]
[Site "Skype"]
[Date "????.??.??"]
[Round "9.34"]
[White "Davis, Michael"]
[Black "Vello, Pablo"]
[Result "1/2-1/2"]
[WhiteElo "1405"]
[BlackElo "1135"]
[PlyCount "28"]

1. d4 Nf6 2. c4 e6 3. Nc3 Bb4 4. Bd2 Qe7 5. a3 Bxc3 6. Bxc3 d6 7. Nf3 Ne4 8.
Qc2 Nxc3 9. Qxc3 Nd7 10. e3 Nf6 11. Bd3 d5 12. O-O c5 13. dxc5 Qxc5 14. Qe5 Qe7
1/2-1/2